市区町村シルエットクイズ① - Statistics

General Stats
  • This quiz has been taken 593 times
  • The average score is 8 of 10
Answer Stats
Picture Answer % Correct
新潟市(新潟県)
95%
鹿児島市(鹿児島県)
89%
長崎市(長崎県)
89%
さいたま市(埼玉県)
86%
川崎市(神奈川県)
85%
浜松市(静岡県)
84%
千代田区(東京都)
77%
盛岡市(岩手県)
55%
岐阜市(岐阜県)
47%
奈良市(奈良県)
47%
No matching quizzes found
Score Distribution
Percent of People with Each Score
Percentile by Number Answered
Your Score History
You have not taken this quiz